000 00587nam a2200241 a 4500
001 nice12345678
003 IN_TiNIC
005 20260116011318.0
008 050524s1945 mada grp 000 0 eng
020 _a
_c100
082 0 0 _a207.11
_bRAN
100 _aRanson, C W
245 _aChristian Minister in India
260 _aMadras
_bChristian Literature Society
_c1945
300 _a289p
500 _aincludes index and biblioraphy
505 2 _aIndex
650 _aTheological-Seminaries-india
700 1 _aRanson, C W
902 _bSRS
942 _cBK
999 _c416
_d416